000 00668nam a2200205Ia 4500
003 OSt
005 20240810123015.0
008 210210b1985 xxu||||| |||| 00| 0 eng d
040 _cAL
041 _akan
082 _aK894.209 SHEK
100 _aSHESHAGIRIRAV (L S): ಶೇಷಗಿರಿರಾವ್ (ಎಲ್ ಎಸ್) Ed
_9176374
245 _aKannada rangabhumiya parvatavani:
_bಕನ್ನಡ ರಂಗಭೂಮಿಯ ಪರ್ವತವಾಣಿ
260 _aDharavada
_bAnanya Prakashana
_c1985
300 _a168
650 _aParvatavani Kannada Rangabhumi
_9176375
690 _aKannada Drama Criticism
_9176376
906 _a037512
942 _2ddc
_cBK
999 _c87407
_d87407